000 00595cam a22002175a 4500
001 L153539
002 18716
008 110804s2011 xxk f 000 0 eng d
020 _a9780080969947
035 _a(Sirsi) u153539
041 0 _aeng
050 0 4 _a332.6324
100 1 _aMyers, Danny
245 0 0 _aEconomics and property
250 _a3rd ed.
260 _aOxford
_bEG Books
_c2011
520 _aA clear and easy to read introduction to any property economics module in a degree.
651 4 _aENGLAND AND WALES
690 _aPROPERTY-PROPERTY FINANCE AND INVESTMENT
942 _n0
999 _c112581
_d112581